000 00955cab a2200301 4500
001 ABS52489
008 090401t1995 xxu||||| |||| 00| 0 eng d
035 _a(Sirsi) u81580
041 _aeng
100 _aMorgan, G.
245 4 _aThe role of property in the private healthcare boom
260 _c1995
350 _a0
490 _aCSM (Chartered Surveyor Monthly)
_v4(5) March 1995, 36-37(2)
520 _aTraces the emergence of private healthcare provision as a substantial market sector since 1983, and cautiously promotes opportunities for chartered surveyors in managing and valuing healthcare estate.
650 _aGUIDANCE NOTES
650 _aHEALTHCARE SECTOR
650 _aHOSPITALS
650 _aNHS
650 _aNURSING HOMES
650 _aPRIVATE HEALTHCARE
650 _aPRIVATE SECTOR
650 _aVALUATION ISSUES
650 _aWHITE BOOK
690 _aECONOMIC AND SOCIAL
942 _n0
948 _c04/03/1997
999 _c51410
_d51410